| 000 | 00754nam a2200205 a 4500 | ||
|---|---|---|---|
| 003 | 0 | ||
| 005 | 20250314131245.0 | ||
| 008 | 071127s19uu xx 00 eng d | ||
| 050 |
_aPGS GV 709.2 _b.Sa246 2007 |
||
| 100 | _aSarmiento, Carlo Vincent S. | ||
| 245 |
_aEffects of engaging in summer sports activity on social growth / _cCarlo Vincent S. Sarmiento. |
||
| 260 |
_aLas PiƱas City, Philippines : _bSouthville International School and Colleges, _c2007. |
||
| 300 |
_a28 pages : _billustrations ; _c28 cm. |
||
| 504 | _aIncludes bibliographical references. | ||
| 650 |
_aSports _vSocial aspects. |
||
| 650 | _aSocial skills in children. | ||
| 650 | _aChild development. | ||
| 650 |
_aRecreation _vPsychological aspects. |
||
| 942 |
_2lcc _cPASS |
||
| 999 |
_c97764 _d97764 |
||